[Event "SVK-ch Open 2018"]
[Site "Banska Stiavnica"]
[Date "2018.07.09"]
[Round "3"]
[White "Posa, Norbert"]
[Black "Urhegyi, Marton"]
[Result "0-1"]
[WhiteElo "2036"]
[BlackElo "2303"]
[Annotator "NA"]
[PlyCount "71"]
[EventDate "2018.07.07"]
[EventType "swiss"]
[EventCountry "SVK"]
[SourceTitle "playchess.com"]
[Source "ChessBase"]
[SourceQuality "1"]
[TimeControl "40/5400+30:1800+30"]

1. d4 {[%emt 0:00:00]} d5 {[%emt 0:00:00]} 2. Bf4 {[%emt 0:00:00]} Nf6 {[%emt 0:00:00]} 3. e3 {[%emt 0:00:45]} c5 {[%emt 0:00:25]} 4. c3 {[%emt 0:06:35]} Nc6 {[%emt 0:00:58]} 5. Bd3 {[%emt 0:02:30]} Qb6 {[%emt 0:10:06]} 6. Qc1 {[%emt 0:04:25]} Nh5 {[%emt 0:04:51]} (6... cxd4 $15 7. cxd4 Nb4) 7. Ne2 {[%emt 0:05:18]} Nxf4 {[%emt 0:02:17]} 8. Nxf4 {[%emt 0:00:05]} e6 {[%emt 0:01:42]} 9. Nd2 {[%emt 0:01:56]} Bd6 {[%emt 0:01:14]} 10. g3 {[%emt 0:07:04]} cxd4 {[%emt 0:05:09]} 11. exd4 {[%emt 0:04:20]} Bxf4 {[%emt 0:11:48]} 12. gxf4 $11 {[%emt 0:00:05]} Ne7 {[%emt 0:01:55]} 13. Nf3 {[%emt 0:01:14]} Bd7 {[%emt 0:11:32]} 14. Ne5 {[%emt 0:06:16]} Bb5 {[%emt 0:04:37]} 15. Bxb5+ {[%emt 0:01:49]} Qxb5 {[%emt 0:00:06]} 16. Qd2 {[%emt 0:00:09]} Nf5 {[%emt 0:03:26]} 17. Nd3 {[%emt 0:05:08]} Rc8 {[%emt 0:03:15]} 18. O-O {[%emt 0:05:36]} Qa5 {[%emt 0:04:17]} 19. Qe2 {[%emt 0:08:44]} O-O {[%emt 0:02:31]} 20. Kh1 {[%emt 0:04:04]} Qc7 {[%emt 0:02:34]} 21. Rg1 {[%emt 0:00:58]} b5 {[%emt 0:03:21]} 22. Qe5 {[%emt 0:01:33]} a5 {[%emt 0:02:19]} 23. a3 {[%emt 0:00:14]} Qe7 {[%emt 0:04:38]} 24. Rg4 {[%emt 0:00:35]} Rc4 {[%emt 0:01:48]} 25. Rag1 {[%emt 0:06:47]} g6 {[%emt 0:00:44]} 26. Qe2 {[%emt 0:01:14]} Rb8 {[%emt 0:02:29]} 27. Rg5 {[%emt 0:01:22]} Qf6 {[%emt 0:04:08]} 28. Ne5 {[%emt 0:04:07]} Rc7 {[%emt 0:00:43]} 29. Nd3 {[%emt 0:04:23]} b4 {[%emt 0:02:54]} 30. axb4 {[%emt 0:00:24]} axb4 {[%emt 0:00:06]} 31. Nxb4 {[%emt 0:02:18]} Nxd4 {[%emt 0:01:54]} 32. Qd3 {[%emt 0:04:58]} Qxf4 {[%emt 0:03:35]} 33. Na6 {[%emt 0:00:09]} Nf3 {[%emt 0:00:34]} 34. R5g3 {[%emt 0:01:17]} Nxg1 {[%emt 0:02:11]} 35. Nxb8 {[%emt 0:00:05]} Qxf2 {[%emt 0:01:57]} 36. Rg2 {[%emt 0:04:01]} 0-1

[Event "SVK-ch Open 2018"]
[Site "Banska Stiavnica"]
[Date "2018.07.09"]
[Round "3"]
[White "Toma, Rudolf"]
[Black "Weis, Dusan"]
[Result "1-0"]
[WhiteElo "2018"]
[BlackElo "1818"]
[Annotator "NA"]
[PlyCount "73"]
[EventDate "2018.07.07"]
[EventType "swiss"]
[EventCountry "SVK"]
[SourceTitle "playchess.com"]
[Source "ChessBase"]
[SourceQuality "1"]
[TimeControl "40/5400+30:1800+30"]

1. d4 {[%emt 0:00:00]} f5 {[%emt 0:00:00]} 2. c4 {[%emt 0:00:00]} Nf6 {[%emt 0:00:00]} 3. Nc3 {[%emt 0:00:13]} e6 {[%emt 0:00:01]} 4. g3 {[%emt 0:00:09]} c6 {[%emt 0:00:16]} 5. Bg2 {[%emt 0:00:10]} d5 {[%emt 0:00:07]} 6. cxd5 {[%emt 0:00:51]} cxd5 {[%emt 0:00:11] A90: Dutch Defence: Miscellaneous and Modern Stonewall (with ...Bd6)} 7. Bg5 {[%emt 0:00:12]} (7. Nh3 Nc6 8. O-O Be7 9. a3 O-O 10. b4 Bd7 11. Bb2 Rc8 12. Rc1 {½-½ (12) Caetano,H (2215)-Gonzalez,B (2262) Curitiba 2015}) 7... Bd6 {[%emt 0:01:01]} 8. e3 $146 {[%emt 0:00:14]} ({Predecessor:} 8. f4 O-O 9. Nf3 h6 10. Bh4 Qb6 11. Qc2 Ne4 12. O-O Nc6 13. e3 Be7 14. Bxe7 Nxe7 {1-0 (48) Brown,G (1685)-Churchill,S Kapuskasing 2004}) 8... O-O {[%emt 0:00:28]} 9. Nge2 {[%emt 0:00:15]} Bd7 {[%emt 0:01:20]} 10. O-O {[%emt 0:00:36]} Be8 {[%emt 0:01:21]} 11. Nxd5 {[%emt 0:02:13]} Bc6 {[%emt 0:02:30]} 12. Ndf4 {[%emt 0:01:43]} Qd7 {[%emt 0:01:10]} 13. Bxf6 {[%emt 0:00:48]} Rxf6 {[%emt 0:00:22]} 14. d5 {[%emt 0:01:10]} exd5 {[%emt 0:00:51]} 15. Nxd5 {[%emt 0:00:07]} Rh6 {[%emt 0:01:57]} 16. Qb3 {[%emt 0:00:22]} Kh8 {[%emt 0:00:39]} 17. Nd4 {[%emt 0:02:00]} Na6 {[%emt 0:01:58]} 18. Qd3 {[%emt 0:02:25]} Rf8 {[%emt 0:11:32]} 19. Nxc6 {[%emt 0:01:16]} Nc5 {[%emt 0:00:32]} 20. Qc2 {[%emt 0:01:32]} bxc6 $18 {[%emt 0:01:16]} 21. Nf4 {[%emt 0:03:33]} Qe8 {[%emt 0:03:28]} 22. Rac1 {[%emt 0:00:58]} g5 {[%emt 0:06:23]} 23. Ne2 {[%emt 0:03:41]} Qh5 {[%emt 0:04:05]} 24. h3 {[%emt 0:01:34]} Ne4 {[%emt 0:01:46]} 25. Rfd1 {[%emt 0:03:54]} Be5 {[%emt 0:29:26]} 26. Nd4 {[%emt 0:25:42]} g4 {[%emt 0:22:31]} 27. Bxe4 {[%emt 0:14:42]} fxe4 {[%emt 0:01:36]} 28. h4 {[%emt 0:00:08]} Qf7 {[%emt 0:01:43]} 29. Qe2 {[%emt 0:02:10]} Rf6 {[%emt 0:00:36]} 30. Rc2 {[%emt 0:01:46]} c5 {[%emt 0:00:56]} 31. Nb3 {[%emt 0:02:05]} Rf3 {[%emt 0:00:15]} 32. Kg2 {[%emt 0:00:39]} Qc7 {[%emt 0:00:43]} 33. Qe1 {[%emt 0:01:44]} R8f6 {[%emt 0:01:42]} 34. Nd4 {[%emt 0:04:33]} Bxg3 {[%emt 0:02:06]} 35. fxg3 {[%emt 0:00:48]} Qe5 {[%emt 0:01:58]} 36. Nxf3 {[%emt 0:02:29]} Rxf3 {[%emt 0:00:36]} 37. Qc3 {[%emt 0:01:05]} 1-0

[Event "SVK-ch Open 2018"]
[Site "Banska Stiavnica"]
[Date "2018.07.09"]
[Round "3"]
[White "Milcova, Zuzana"]
[Black "Kantorik, Marian"]
[Result "1-0"]
[WhiteElo "2002"]
[BlackElo "2260"]
[Annotator "NA"]
[PlyCount "102"]
[EventDate "2018.07.07"]
[EventType "swiss"]
[EventCountry "SVK"]
[SourceTitle "playchess.com"]
[Source "ChessBase"]
[SourceQuality "1"]
[TimeControl "40/5400+30:1800+30"]

1. e4 {[%emt 0:00:51]} Nc6 {[%emt 0:03:48]} 2. Nf3 {[%emt 0:00:51]} g6 {[%emt 0:01:29]} 3. d4 {[%emt 0:01:36]} Bg7 {[%emt 0:00:22]} 4. Nc3 {[%emt 0:03:04]} d6 {[%emt 0:00:48]} 5. h3 {[%emt 0:01:50]} e5 {[%emt 0:01:44]} 6. Be3 {[%emt 0:03:26]} exd4 {[%emt 0:04:59]} 7. Nxd4 {[%emt 0:00:12]} Nxd4 {[%emt 0:03:14]} 8. Bxd4 {[%emt 0:00:07]} Bxd4 {[%emt 0:00:07]} 9. Qxd4 {[%emt 0:00:02]} Qf6 {[%emt 0:00:08]} 10. O-O-O {[%emt 0:05:48]} ({White should play} 10. Qe3 $16) 10... Qxd4 $1 {[%emt 0:00:20]} 11. Rxd4 {[%emt 0:00:02]} Ne7 $14 {[%emt 0:00:08]} 12. Bc4 {[%emt 0:11:56]} Be6 {[%emt 0:07:43]} 13. Nd5 {[%emt 0:13:19]} Nxd5 {[%emt 0:13:19]} 14. Bxd5 {[%emt 0:08:00]} O-O-O {[%emt 0:01:33]} 15. Rf1 {[%emt 0:14:03]} Rhe8 {[%emt 0:05:15]} 16. Bxe6+ {[%emt 0:03:50]} fxe6 {[%emt 0:01:59]} 17. Rd3 {[%emt 0:04:52]} e5 {[%emt 0:05:30]} 18. Rf3 {[%emt 0:03:06]} Rd7 {[%emt 0:01:04]} 19. c4 {[%emt 0:02:26]} Kd8 20. Rd1 Ke7 {[%emt 0:04:03]} 21. Rd2 {[%emt 0:01:21]} Ke6 {[%emt 0:06:00]} 22. Kd1 {[%emt 0:03:47]} a5 {[%emt 0:06:32]} 23. a4 {[%emt 0:01:29]} Rdd8 {[%emt 0:00:22]} 24. Ke2 {[%emt 0:04:55]} Rf8 {[%emt 0:02:36]} 25. Rxf8 {[%emt 0:01:55]} Rxf8 {[%emt 0:02:10]} 26. Ke3 {[%emt 0:03:30]} g5 {[%emt 0:00:56]} 27. Rd1 h5 28. f3 {[%emt 0:01:19]} b6 {[%emt 0:02:16]} 29. Rh1 {[%emt 0:01:57]} Rg8 {[%emt 0:04:13]} 30. g3 {[%emt 0:01:53]} Kd7 {[%emt 0:00:59]} 31. Rd1 {[%emt 0:01:59]} Kc6 {[%emt 0:02:21]} 32. Rd5 {[%emt 0:00:38]} g4 {[%emt 0:10:40]} 33. hxg4 {[%emt 0:00:21]} hxg4 {[%emt 0:00:06]} 34. f4 {[%emt 0:00:12]} exf4+ {[%emt 0:00:57]} 35. Kxf4 {[%emt 0:00:08]} Re8 {[%emt 0:03:32]} 36. b3 {[%emt 0:00:39]} Rg8 {[%emt 0:01:22]} 37. e5 {[%emt 0:01:11]} dxe5+ {[%emt 0:00:38]} 38. Rxe5 {[%emt 0:00:04]} Rd8 {[%emt 0:00:16]} 39. Kxg4 {[%emt 0:00:27]} Rd3 {[%emt 0:00:13]} 40. Rb5 {[%emt 0:00:11]} Kd6 {[%emt 0:03:12]} 41. Kf4 {[%emt 0:20:35]} Ke6 {[%emt 0:01:38]} 42. g4 {[%emt 0:03:21]} Kf6 {[%emt 0:10:59]} 43. Ke4 {[%emt 0:00:20]} Rg3 {[%emt 0:01:51]} 44. Kd5 {[%emt 0:00:47]} Rxg4 {[%emt 0:01:01]} 45. Kc6 {[%emt 0:00:07]} Rg7 {[%emt 0:00:04]} 46. c5 {[%emt 0:00:32]} bxc5 {[%emt 0:00:42]} 47. Rxa5 {[%emt 0:00:57]} Rg3 {[%emt 0:02:26]} 48. Rxc5 {[%emt 0:02:18]} Rxb3 {[%emt 0:00:07]} 49. Kxc7 {[%emt 0:00:12]} Ke6 {[%emt 0:01:49]} 50. a5 {[%emt 0:00:30]} Ra3 {[%emt 0:00:09]} 51. Rc6+ {[%emt 0:00:50]} Kd5 1-0

[Event "SVK-ch Open 2018"]
[Site "Banska Stiavnica"]
[Date "2018.07.09"]
[Round "3"]
[White "Antal, Jozsef"]
[Black "Sarkozi, Szabolcs"]
[Result "0-1"]
[WhiteElo "1995"]
[BlackElo "1808"]
[Annotator "NA"]
[PlyCount "92"]
[EventDate "2018.07.07"]
[EventType "swiss"]
[EventCountry "SVK"]
[SourceTitle "playchess.com"]
[Source "ChessBase"]
[SourceQuality "1"]
[TimeControl "40/5400+30:1800+30"]

1. e4 c5 {[%emt 0:02:27]} 2. Nc3 {[%emt 0:00:00]} Nc6 {[%emt 0:00:37]} 3. d3 {[%emt 0:00:10]} g6 {[%emt 0:00:52]} 4. Be3 {[%emt 0:00:18]} d6 {[%emt 0:03:36]} 5. d4 {[%emt 0:00:46]} cxd4 {[%emt 0:14:02]} 6. Bxd4 {[%emt 0:00:13]} Nxd4 {[%emt 0:02:50]} 7. Qxd4 {[%emt 0:00:12]} Nf6 {[%emt 0:00:59]} 8. e5 {[%emt 0:00:16]} dxe5 {[%emt 0:12:12]} 9. Bb5+ {[%emt 0:00:28]} Bd7 {[%emt 0:04:58]} 10. Qxe5 {[%emt 0:00:16]} a6 {[%emt 0:13:34]} 11. Be2 {[%emt 0:03:31]} Bg7 {[%emt 0:02:40]} 12. Bf3 {[%emt 0:03:52]} O-O {[%emt 0:02:31]} 13. Nge2 {[%emt 0:01:01]} Bf5 {[%emt 0:06:32]} 14. O-O {[%emt 0:03:58]} Ng4 {[%emt 0:06:20]} 15. Qc5 {[%emt 0:01:51]} Rc8 {[%emt 0:06:01]} 16. Qb4 {[%emt 0:02:40]} a5 {[%emt 0:02:11]} 17. Qa4 {[%emt 0:01:27]} Ne5 {[%emt 0:01:14]} 18. Bd5 {[%emt 0:04:19]} b5 {[%emt 0:03:36]} 19. Qxb5 {[%emt 0:01:22]} Bxc2 {[%emt 0:00:36]} 20. Bb3 {[%emt 0:11:41]} Bd3 {[%emt 0:01:58]} 21. Qa4 {[%emt 0:02:21]} e6 {[%emt 0:03:28]} 22. Rfd1 {[%emt 0:03:09]} Qb6 {[%emt 0:01:02]} 23. Qf4 {[%emt 0:08:27]} Bf5 {[%emt 0:01:05]} 24. h3 {[%emt 0:02:28]} Nd3 {[%emt 0:02:26]} 25. Qf3 {[%emt 0:00:21]} Ne5 {[%emt 0:01:46]} 26. Qf4 {[%emt 0:00:20]} h6 {[%emt 0:01:39]} 27. g4 {[%emt 0:00:43]} g5 {[%emt 0:00:05]} 28. Qg3 {[%emt 0:01:52]} Bg6 {[%emt 0:00:13]} 29. Rac1 {[%emt 0:05:21]} Rfd8 {[%emt 0:00:48]} 30. Na4 {[%emt 0:03:48]} Qb7 {[%emt 0:01:17]} 31. Rxc8 {[%emt 0:01:33]} Rxc8 {[%emt 0:00:22]} 32. Nd4 {[%emt 0:00:39]} Rd8 {[%emt 0:00:25]} 33. Qg2 {[%emt 0:04:26]} Be4 {[%emt 0:00:37]} 34. f3 {[%emt 0:00:21]} Bd5 {[%emt 0:01:21]} 35. Bxd5 {[%emt 0:02:47]} Qxd5 {[%emt 0:00:05]} 36. Nc3 {[%emt 0:04:22]} Qc5 37. Nce2 Nc6 {[%emt 0:00:56]} 38. Rc1 {[%emt 0:06:42]} Bxd4+ {[%emt 0:00:19]} 39. Kf1 {[%emt 0:00:08]} Qb6 {[%emt 0:00:39]} 40. f4 {[%emt 0:00:08]} Nb4 {[%emt 0:00:58]} 41. Qe4 {[%emt 0:36:14]} Be3 {[%emt 0:30:30]} 42. Rb1 {[%emt 0:00:39]} gxf4 {[%emt 0:00:41]} 43. Nxf4 {[%emt 0:00:14]} Bxf4 {[%emt 0:00:25]} 44. Qxf4 Qb5+ {[%emt 0:00:00]} 45. Kg1 Qc5+ {[%emt 0:00:17]} 46. Kf1 Nd3 {[%emt 0:00:30]} 0-1

[Event "SVK-ch Open 2018"]
[Site "Banska Stiavnica"]
[Date "2018.07.09"]
[Round "3"]
[White "Gajdosik, Andrej"]
[Black "Pollak, Rudolf"]
[Result "1/2-1/2"]
[WhiteElo "1992"]
[BlackElo "1801"]
[Annotator "NA"]
[PlyCount "97"]
[EventDate "2018.07.07"]
[EventType "swiss"]
[EventCountry "SVK"]
[SourceTitle "playchess.com"]
[Source "ChessBase"]
[SourceQuality "1"]
[TimeControl "40/5400+30:1800+30"]

1. d4 {[%emt 0:00:00]} Nf6 {[%emt 0:00:00]} 2. Nf3 {[%emt 0:00:00]} e6 {[%emt 0:00:14]} 3. c4 {[%emt 0:00:03]} b6 {[%emt 0:00:34]} 4. Nc3 {[%emt 0:00:38]} Bb7 {[%emt 0:00:13]} 5. Bf4 {[%emt 0:01:42]} Be7 {[%emt 0:00:47]} 6. e3 {[%emt 0:01:08]} d6 {[%emt 0:02:07]} 7. h3 {[%emt 0:00:37]} h6 {[%emt 0:00:57]} 8. Bd3 {[%emt 0:00:33]} Nbd7 {[%emt 0:03:17]} 9. O-O {[%emt 0:02:15]} O-O {[%emt 0:00:39]} 10. e4 {[%emt 0:04:55]} Nh7 {[%emt 0:10:15]} 11. Qd2 {[%emt 0:16:21]} g5 {[%emt 0:08:52]} 12. Be3 {[%emt 0:00:55]} f6 {[%emt 0:14:21]} 13. Qe2 {[%emt 0:09:02]} Kg7 {[%emt 0:02:18]} 14. Nh2 {[%emt 0:02:38]} Qe8 {[%emt 0:06:09]} 15. f4 {[%emt 0:04:00]} e5 {[%emt 0:09:39]} 16. f5 {[%emt 0:09:13]} Rh8 {[%emt 0:02:15]} 17. b4 {[%emt 0:05:16]} exd4 {[%emt 0:05:22]} 18. Bxd4 {[%emt 0:01:41]} Ne5 {[%emt 0:00:28]} 19. Nb5 {[%emt 0:03:25]} Bd8 {[%emt 0:01:16]} 20. Rfe1 {[%emt 0:05:23]} a6 {[%emt 0:03:24]} 21. Na3 {[%emt 0:00:25]} Be7 {[%emt 0:02:51]} 22. Nc2 {[%emt 0:01:47]} Nf8 {[%emt 0:01:25]} 23. Bc3 {[%emt 0:01:48]} Rd8 {[%emt 0:04:42]} 24. a4 {[%emt 0:01:16]} c5 {[%emt 0:02:30]} 25. a5 {[%emt 0:01:28]} bxa5 {[%emt 0:04:14]} 26. bxa5 {[%emt 0:01:58]} Nfd7 {[%emt 0:01:59]} 27. Nf3 {[%emt 0:06:26]} Nxd3 {[%emt 0:01:07]} 28. Qxd3 {[%emt 0:00:07]} Ne5 {[%emt 0:01:40]} 29. Nxe5 {[%emt 0:00:24]} dxe5 {[%emt 0:00:50]} 30. Qe2 {[%emt 0:00:08]} Qf7 {[%emt 0:03:33]} 31. Rab1 {[%emt 0:03:36]} Rb8 {[%emt 0:01:26]} 32. Rb6 {[%emt 0:01:32]} Bd8 {[%emt 0:00:27]} 33. Rb2 {[%emt 0:00:11]} Bc7 {[%emt 0:00:53]} 34. Reb1 {[%emt 0:01:59]} Bc6 {[%emt 0:00:21]} 35. Rxb8 {[%emt 0:04:46]} Rxb8 {[%emt 0:00:13]} 36. Rxb8 {[%emt 0:00:15]} Bxb8 {[%emt 0:00:14]} 37. Qd3 {[%emt 0:00:42]} Qd7 {[%emt 0:00:50]} 38. Qxd7+ {[%emt 0:00:43]} Bxd7 {[%emt 0:00:11]} 39. Kf2 {[%emt 0:00:07]} Ba4 {[%emt 0:00:45]} 40. Ne3 {[%emt 0:00:21]} Bb3 {[%emt 0:00:59]} 41. Ke2 {[%emt 0:30:34]} h5 {[%emt 0:30:32]} 42. Kd3 {[%emt 0:02:16]} Bc7 {[%emt 0:00:29]} 43. Bd2 {[%emt 0:00:42]} Bd8 {[%emt 0:01:13]} 44. Nd5 {[%emt 0:01:40]} Ba4 {[%emt 0:00:00]} 45. Nb6 {[%emt 0:00:00]} Bc6 {[%emt 0:00:00]} 46. Be3 {[%emt 0:00:00]} Be7 {[%emt 0:00:00]} 47. Nd5 {[%emt 0:00:00]} Bd6 {[%emt 0:00:00]} 48. Nb6 {[%emt 0:00:00]} Kf7 {[%emt 0:00:00]} 49. Nd5 {[%emt 0:00:00]} 1/2-1/2

[Event "SVK-ch Open 2018"]
[Site "Banska Stiavnica"]
[Date "2018.07.09"]
[Round "3"]
[White "Gzib, David"]
[Black "Molnar, Erno"]
[Result "1/2-1/2"]
[WhiteElo "1939"]
[BlackElo "2231"]
[Annotator "NA"]
[PlyCount "66"]
[EventDate "2018.07.07"]
[EventType "swiss"]
[EventCountry "SVK"]
[SourceTitle "playchess.com"]
[Source "ChessBase"]
[SourceQuality "1"]
[TimeControl "40/5400+30:1800+30"]

1. e4 {[%emt 0:00:00]} e5 {[%emt 0:00:14]} 2. Nf3 {[%emt 0:00:00]} Nc6 {[%emt 0:00:06]} 3. d4 {[%emt 0:00:00]} exd4 {[%emt 0:00:06]} 4. Nxd4 {[%emt 0:01:42]} Nf6 {[%emt 0:00:12]} 5. Nc3 {[%emt 0:00:08]} Bb4 {[%emt 0:00:14]} 6. Nxc6 {[%emt 0:00:12]} bxc6 {[%emt 0:00:11]} 7. Bd3 {[%emt 0:00:08]} d5 {[%emt 0:00:28]} 8. exd5 {[%emt 0:00:18]} O-O {[%emt 0:00:16]} 9. O-O {[%emt 0:00:10]} cxd5 {[%emt 0:00:05]} 10. h3 {[%emt 0:00:07]} Re8 {[%emt 0:00:41]} 11. Qf3 {[%emt 0:02:25]} Rb8 {[%emt 0:00:53]} 12. Bg5 {[%emt 0:02:55]} c6 {[%emt 0:00:50]} 13. Rfe1 {[%emt 0:07:11]} Be6 {[%emt 0:00:31]} 14. a3 {[%emt 0:06:17]} Be7 {[%emt 0:00:59]} 15. b4 {[%emt 0:04:32]} a5 $11 {[%emt 0:01:13]} 16. b5 {[%emt 0:17:58]} d4 {[%emt 0:25:22]} 17. Ne4 {[%emt 0:02:35]} cxb5 {[%emt 0:02:01]} 18. Nxf6+ {[%emt 0:03:25]} Bxf6 {[%emt 0:00:11]} 19. Bxf6 {[%emt 0:01:23]} Qxf6 {[%emt 0:00:08]} 20. Qh5 {[%emt 0:01:11]} g6 {[%emt 0:04:45]} 21. Qc5 {[%emt 0:11:15]} Rec8 {[%emt 0:04:37]} 22. Qa7 {[%emt 0:02:53]} b4 {[%emt 0:05:02]} 23. Qxa5 {[%emt 0:06:00]} b3 {[%emt 0:00:39]} 24. cxb3 {[%emt 0:00:35]} Rxb3 {[%emt 0:00:28]} 25. Qd2 {[%emt 0:07:35]} Rcc3 {[%emt 0:02:00]} 26. Bf1 {[%emt 0:04:50]} d3 {[%emt 0:06:47]} 27. Rec1 {[%emt 0:05:09]} Rc2 {[%emt 0:09:01]} 28. Rxc2 {[%emt 0:01:09]} dxc2 {[%emt 0:00:02]} 29. Rc1 {[%emt 0:04:38]} Bf5 {[%emt 0:00:39]} 30. g4 {[%emt 0:03:00]} Rb1 {[%emt 0:12:47]} 31. gxf5 {[%emt 0:02:02]} Rxc1 {[%emt 0:00:01]} 32. Qxc1 {[%emt 0:01:08]} Qxf5 {[%emt 0:00:02]} 33. Bc4 {[%emt 0:01:57]} Qxh3 {[%emt 0:03:19]} 1/2-1/2

[Event "SVK-ch Open 2018"]
[Site "Banska Stiavnica"]
[Date "2018.07.09"]
[Round "3"]
[White "Slaba, Andrea"]
[Black "Kerdik, Adam"]
[Result "1/2-1/2"]
[WhiteElo "1936"]
[BlackElo "2091"]
[Annotator "NA"]
[PlyCount "66"]
[EventDate "2018.07.07"]
[EventType "swiss"]
[EventCountry "SVK"]
[SourceTitle "playchess.com"]
[Source "ChessBase"]
[SourceQuality "1"]
[TimeControl "40/5400+30:1800+30"]

1. Nf3 {[%emt 0:00:00]} d5 {[%emt 0:00:00]} 2. g3 {[%emt 0:00:00]} c5 {[%emt 0:00:00]} 3. Bg2 {[%emt 0:00:03]} Nc6 {[%emt 0:00:00]} 4. d4 {[%emt 0:00:06]} e6 {[%emt 0:00:13]} 5. O-O {[%emt 0:00:49]} Nf6 {[%emt 0:00:12]} 6. c4 {[%emt 0:03:18]} dxc4 {[%emt 0:01:53]} 7. Qa4 {[%emt 0:00:08]} Bd7 {[%emt 0:00:20]} 8. Qxc4 {[%emt 0:00:30]} b5 {[%emt 0:00:52]} 9. Qd3 {[%emt 0:05:06]} Rc8 {[%emt 0:01:29]} 10. dxc5 {[%emt 0:04:03]} Bxc5 {[%emt 0:00:59]} 11. Nc3 {[%emt 0:02:34]} Nb4 {[%emt 0:04:39]} 12. Qd1 {[%emt 0:00:41]} O-O {[%emt 0:00:59]} 13. Ne5 $11 {[%emt 0:06:07]} Be8 {[%emt 0:02:27]} 14. Bg5 {[%emt 0:07:19]} Bd4 {[%emt 0:06:07]} 15. Ng4 {[%emt 0:07:23]} h5 {[%emt 0:06:24]} 16. Nxf6+ {[%emt 0:06:35]} Bxf6 {[%emt 0:00:32]} 17. Qxd8 {[%emt 0:00:05]} Bxd8 {[%emt 0:02:15]} 18. Bf4 {[%emt 0:02:00]} Be7 {[%emt 0:01:29]} 19. Rac1 {[%emt 0:03:32]} g5 {[%emt 0:07:47]} 20. Be3 {[%emt 0:01:01]} a6 {[%emt 0:00:56]} 21. a3 {[%emt 0:00:42]} Nc6 {[%emt 0:01:41]} 22. Ne4 {[%emt 0:01:32]} f6 {[%emt 0:01:26]} 23. Nc5 {[%emt 0:02:42]} Bxc5 {[%emt 0:02:05]} 24. Bxc5 {[%emt 0:00:04]} Rf7 {[%emt 0:00:24]} 25. Be3 {[%emt 0:04:31]} Bd7 {[%emt 0:04:03]} 26. f4 {[%emt 0:06:13]} gxf4 {[%emt 0:22:18]} 27. Bxf4 {[%emt 0:00:47]} Nd4 {[%emt 0:07:45]} 28. Rxc8+ {[%emt 0:00:09]} Bxc8 {[%emt 0:00:05]} 29. Kf2 {[%emt 0:00:48]} e5 {[%emt 0:04:39]} 30. Be3 {[%emt 0:01:04]} Rc7 {[%emt 0:01:28]} 31. Rc1 {[%emt 0:01:26]} Rxc1 {[%emt 0:01:11]} 32. Bxc1 {[%emt 0:00:04]} Kg7 {[%emt 0:03:25]} 33. Bd2 {[%emt 0:01:23]} Nf5 {[%emt 0:06:07]} 1/2-1/2

[Event "SVK-ch Open 2018"]
[Site "Banska Stiavnica"]
[Date "2018.07.09"]
[Round "3"]
[White "Dylag, Emilia"]
[Black "Sarkozy, Ladislav"]
[Result "1/2-1/2"]
[WhiteElo "1935"]
[BlackElo "2247"]
[Annotator "NA"]
[PlyCount "95"]
[EventDate "2018.07.07"]
[EventType "swiss"]
[EventCountry "SVK"]
[SourceTitle "playchess.com"]
[Source "ChessBase"]
[SourceQuality "1"]
[TimeControl "40/5400+30:1800+30"]

1. d4 {[%emt 0:00:00]} Nf6 {[%emt 0:00:00]} 2. c4 {[%emt 0:00:00]} e6 {[%emt 0:00:19]} 3. Nf3 {[%emt 0:00:00]} b6 {[%emt 0:00:10]} 4. g3 {[%emt 0:00:15]} Bb7 {[%emt 0:00:59]} 5. Bg2 {[%emt 0:00:16]} Be7 {[%emt 0:00:17]} 6. O-O {[%emt 0:00:32]} O-O {[%emt 0:00:09]} 7. Nc3 {[%emt 0:00:24]} Ne4 {[%emt 0:00:47]} 8. Nxe4 {[%emt 0:08:27]} Bxe4 {[%emt 0:00:09]} 9. Ne5 {[%emt 0:00:35]} Bxg2 {[%emt 0:03:44] E18: Queen's Indian: Old Main Line (4 g3 Bb7 5 Bg2 Be7 6 0-0 0-0 7 Nc3)} 10. Kxg2 {[%emt 0:00:07]} d6 {[%emt 0:06:02]} 11. Nf3 {[%emt 0:01:27] LiveBook: 5 Games} d5 {[%emt 0:00:54]} (11... Nd7 12. e4 Bf6 13. Be3 c5 14. Rc1 Qc7 15. b3 cxd4 16. Nxd4 a6 17. f3 {½-½ (32) Esipenko,A (2551)-Iturrizaga Bonelli,E (2665) Tegernsee 2017}) 12. b3 $146 {[%emt 0:04:08]} ({Predecessor:} 12. Qa4 Qd7 13. Qxd7 Nxd7 14. cxd5 exd5 15. Bf4 Rac8 16. Rac1 c5 17. dxc5 bxc5 {1-0 (60) Buttenmueller,T (2263)-Vinke,A (2197) Baden 2016}) 12... Bf6 {[%emt 0:02:06]} 13. Rb1 {[%emt 0:01:14]} Nc6 {[%emt 0:02:44]} 14. e3 {[%emt 0:01:21]} Re8 {[%emt 0:01:35]} 15. Bb2 {[%emt 0:01:47]} Na5 {[%emt 0:01:29]} 16. Qe2 {[%emt 0:05:35]} dxc4 {[%emt 0:03:18]} 17. b4 {[%emt 0:05:34]} Nb7 {[%emt 0:04:50]} 18. Qxc4 {[%emt 0:00:32]} Qd7 {[%emt 0:01:31]} 19. Rfc1 {[%emt 0:02:50]} Rec8 {[%emt 0:00:32]} 20. Qc6 {[%emt 0:09:49]} Qxc6 {[%emt 0:00:09]} 21. Rxc6 {[%emt 0:00:04]} Nd8 {[%emt 0:00:07]} 22. Rc2 {[%emt 0:02:32]} c6 {[%emt 0:00:29]} 23. Rbc1 {[%emt 0:01:17]} Rcb8 {[%emt 0:01:03]} 24. g4 {[%emt 0:04:40]} a5 {[%emt 0:02:14]} 25. bxa5 {[%emt 0:02:55]} Rxa5 {[%emt 0:00:08]} 26. Bc3 {[%emt 0:00:13]} Ra4 {[%emt 0:01:22]} 27. Rb1 {[%emt 0:01:12]} h6 {[%emt 0:04:36]} 28. Bb4 $11 {[%emt 0:03:22]} Rba8 {[%emt 0:02:01]} 29. a3 {[%emt 0:01:12]} g6 {[%emt 0:03:37]} 30. h4 {[%emt 0:03:27]} R4a7 {[%emt 0:00:56]} 31. g5 {[%emt 0:02:09]} hxg5 {[%emt 0:00:45]} 32. hxg5 {[%emt 0:00:06]} Bg7 {[%emt 0:00:08]} 33. Bd6 {[%emt 0:03:37]} Rd7 {[%emt 0:01:39]} 34. Be5 {[%emt 0:01:03]} b5 {[%emt 0:02:30]} 35. Bxg7 {[%emt 0:01:42]} Kxg7 {[%emt 0:00:01]} 36. Ne5 {[%emt 0:00:41]} Rb7 {[%emt 0:00:13]} 37. Rb3 {[%emt 0:02:00]} Rb6 {[%emt 0:00:22]} 38. Rbc3 {[%emt 0:07:51]} Rba6 {[%emt 0:01:13]} 39. Nxc6 {[%emt 0:00:54]} Nxc6 {[%emt 0:00:11]} 40. Rxc6 {[%emt 0:00:05]} Rxc6 {[%emt 0:00:07]} 41. Rxc6 {[%emt 0:30:04]} Rxa3 {[%emt 0:30:07]} 42. Rb6 {[%emt 0:00:38]} Rb3 {[%emt 0:00:12]} 43. e4 {[%emt 0:01:37]} Rd3 {[%emt 0:00:14]} 44. Rxb5 {[%emt 0:00:14]} Rxd4 {[%emt 0:00:06]} 45. f3 {[%emt 0:00:37]} Rd7 {[%emt 0:00:18]} 46. Kg3 {[%emt 0:00:32]} Rd1 {[%emt 0:00:37]} 47. Kf4 {[%emt 0:00:56]} Rg1 {[%emt 0:00:43]} 48. Ra5 {[%emt 0:01:53]} 1/2-1/2